Three-switch common ground step-down and step-up single-stage grid-connected PV inverter / (Record no. 19528)
[ view plain ]
| 000 -LEADER | |
|---|---|
| fixed length control field | 01055nam a22002297a 4500 |
| 003 - CONTROL NUMBER IDENTIFIER | |
| control field | OSt |
| 005 - DATE AND TIME OF LATEST TRANSACTION | |
| control field | 20250827101717.0 |
| 008 - FIXED-LENGTH DATA ELEMENTS--GENERAL INFORMATION | |
| fixed length control field | 240305b ||||| |||| 00| 0 eng d |
| 040 ## - CATALOGING SOURCE | |
| Transcribing agency | 0 |
| 082 ## - DEWEY DECIMAL CLASSIFICATION NUMBER | |
| Classification number | DPer 621.317 Ie21 July 2022 v. 37 n. 7 |
| 100 ## - MAIN ENTRY--PERSONAL NAME | |
| Personal name | Heydari-doostabad, Hamed. |
| Relator term | author. |
| 9 (RLIN) | 54006 |
| 245 ## - TITLE STATEMENT | |
| Title | Three-switch common ground step-down and step-up single-stage grid-connected PV inverter / |
| Statement of responsibility, etc. | Hamed Heydari-doostabad, Maryam Pourmahdi, Mohammad Jafarian, Andrew Keane, and Terence O'Donnell. |
| 260 ## - PUBLICATION, DISTRIBUTION, ETC. (IMPRINT) | |
| Place of publication, distribution, etc. | New York ; |
| Name of publisher, distributor, etc. | The Institute of Electrical and Electronics Engineers, Inc. , |
| Date of publication, distribution, etc. | July 2022. |
| 300 ## - PHYSICAL DESCRIPTION | |
| Extent | volume 37, pages 7577-7589 : |
| Other physical details | illustration ; |
| Dimensions | 28 cm. |
| 500 ## - GENERAL NOTE | |
| General note | IEEE Transaction on Power Electronics Society, vol. 37, no. 7, pages 7577-7589 ,July 2022. |
| 700 ## - ADDED ENTRY--PERSONAL NAME | |
| Personal name | Heydari-doostabad, Hamed. |
| Relator term | author. |
| 9 (RLIN) | 54006 |
| 700 ## - ADDED ENTRY--PERSONAL NAME | |
| Personal name | Pourmahdi, Maryam. |
| Relator term | author. |
| 9 (RLIN) | 54007 |
| 700 ## - ADDED ENTRY--PERSONAL NAME | |
| Personal name | Jafarian, Mohammad. |
| Relator term | author. |
| 9 (RLIN) | 54008 |
| 700 ## - ADDED ENTRY--PERSONAL NAME | |
| Personal name | Keane, Andrew. |
| Relator term | author. |
| 9 (RLIN) | 54009 |
| 700 ## - ADDED ENTRY--PERSONAL NAME | |
| Personal name | O'Donnell, Terence. |
| Relator term | author. |
| 9 (RLIN) | 54010 |
| 942 ## - ADDED ENTRY ELEMENTS (KOHA) | |
| Source of classification or shelving scheme | Dewey Decimal Classification |
| Koha item type | Periodicals |
| Withdrawn status | Lost status | Source of classification or shelving scheme | Damaged status | Not for loan | Collection code | Home library | Current library | Date acquired | Total Checkouts | Full call number | Date last seen | Price effective from | Koha item type | Public note |
|---|---|---|---|---|---|---|---|---|---|---|---|---|---|---|
| Dewey Decimal Classification | Periodicals | UM Digos College - LIC | UM Digos College - LIC | 03/05/2024 | DPer 621.317 Ie21 July 2022 v. 37 n. 7 | 03/05/2024 | 03/05/2024 | Periodicals | Periodical Article |
